| 000 | 00502cam a2200193 4500 | ||
|---|---|---|---|
| 001 | 1324 | ||
| 003 | DLC | ||
| 005 | 20181127163111.0 | ||
| 008 | 930114s1993 nyu 000 1 eng | ||
| 020 | _a0553566032 | ||
| 043 | _an-us--- | ||
| 100 | 1 |
_aLudlum, Robert, _d1927-2001. |
|
| 245 | 1 | 4 |
_aThe Scorpio illusion / _cRobert Ludlum. |
| 260 |
_aNew York : _bBantam Books, _c1994. |
||
| 300 |
_a664 p. ; _c18 cm. |
||
| 650 | 0 |
_aWomen terrorists _vFiction. |
|
| 655 | 0 | _aIntrigue. | |
| 655 | 7 |
_aSpy stories. _2gsafd. |
|
| 999 |
_c957 _d957 |
||